|
|
|
|
| LEADER |
00978cam a2200253 a 4500 |
| 001 |
0000072594 |
| 005 |
20050215090000.0 |
| 040 |
|
|
|a mod
|
| 041 |
|
|
|a eng
|
| 020 |
0 |
0 |
|a 1844150208
|
| 090 |
0 |
0 |
|a 956.70443
|b RYA
|e 2003
|
| 100 |
1 |
0 |
|a Ryan
|h Mike
|
| 245 |
1 |
0 |
|a Baghdad or bust
|b the inside story of Gulf War 2
|c Mike Ryan
|
| 260 |
0 |
0 |
|a Barnsley, South Yorkshire
|b Leo Cooper
|c 2003
|
| 300 |
0 |
0 |
|a 220 p.
|b ill. (chiefly col.), col. maps
|c 24 cm
|
| 650 |
0 |
0 |
|a Iraq War, 2003
|x Diplomatic history
|
| 650 |
0 |
0 |
|a Strategy
|
| 650 |
0 |
0 |
|a Iraq War, 2003
|
| 852 |
0 |
0 |
|a 01
|
| 999 |
|
|
|a 0225432
|b SPPTD
|d BOOKS
|e Umum
|f SPPTD
|j AVAILABLE
|q GOOD CONDITION
|
| 999 |
|
|
|a 0235564
|b KEMENTAH
|d BOOKS
|e Umum
|f Perpustakaan KEMENTAH
|j AVAILABLE
|q GOOD CONDITION
|
| 999 |
|
|
|a 0238401
|b MAWILLA I
|d BOOKS
|e Umum
|f MAWILLA 1
|j AVAILABLE
|q GOOD CONDITION
|
| 999 |
|
|
|a 0239861
|b KEMENTAH
|d BOOKS
|e Umum
|f Perpustakaan KEMENTAH
|j AVAILABLE
|q GOOD CONDITION
|
| 999 |
|
|
|a B000000970
|b SPPTD
|d BOOKS
|e Umum
|f SPPTD
|j FINAL PROCESSING
|q GOOD CONDITION
|